000 00747nam a2200241Ia 4500
005 20260430150547.0
008 008 250103s9999 xx 000 0 eng d
037 _aTheses
040 _aCRL
040 _beng
040 _ceng
041 _2eng
041 _aeng
084 _qCRL
100 _aVashisth Vishal Au.; Kapoor Sanjay Gu.; Sharma Arun Kumar Gu.; Tyagi Akhilesh Kumar Gu.
_91237858
245 0 _aInvestigation on the Mechanism of Action of Stress Associated Protein (SAP) Genes of Rice
260 _c2024
300 _a173p.
650 _aPlants
700 _aUniversity of Delhi. Faculty of Inter-Disciplinary&Applied Science. Deptt. of Plant Molecular Biology
_91237859
942 _cTH
999 _c1850080
_d1850080